Introduction a l'histoire de l'Asie (Record no. 37902)

MARC details
000 -LEADER
campo de control de longitud fija 00595nam a2200193 i 4500
001 - NÚMERO DE CONTROL
campo de control 37902
003 - IDENTIFICADOR DE NÚMERO DE CONTROL
campo de control ES-MaACL
005 - FECHA Y HORA DE LA ÚLTIMA TRANSACCIÓN
campo de control 20230906155648.0
007 - CAMPO FIJO DE DESCRIPCIÓN FÍSICA--INFORMACIÓN GENERAL
campo de control de longitud fija t|
008 - DATOS DE LONGITUD FIJA--INFORMACIÓN GENERAL
campo de control de longitud fija 030224s1896 fr ||||1| fre d
100 1# - ENTRADA PRINCIPAL--NOMBRE DE PERSONA
Nombre de persona Cahun, Leon.
9 (RLIN) 33452
245 10 - MENCIÓN DEL TÍTULO
Título Introduction a l'histoire de l'Asie
Resto del título : turcs et mongols : des origines a 1405 /
Mención de responsabilidad, etc. par Leon Cahun.
260 ## - PUBLICACIÓN, DISTRIBUCIÓN, ETC.
Lugar de publicación, distribución, etc. Coulommiers :
Nombre del editor, distribuidor, etc. Paul Brodard,
Fecha de publicación, distribución, etc. 1896.
300 ## - DESCRIPCIÓN FÍSICA
Extensión XIII, 519 p. ;
Dimensiones 23 cm.
650 04 - PUNTO DE ACCESO ADICIONAL DE MATERIA--TÉRMINO DE MATERIA
Término de materia o nombre geográfico como elemento de entrada Mongoles-
Subdivisión general Historia.
9 (RLIN) 15168
650 #4 - PUNTO DE ACCESO ADICIONAL DE MATERIA--TÉRMINO DE MATERIA
Término de materia o nombre geográfico como elemento de entrada Turcos-
Subdivisión general Historia.
9 (RLIN) 158585
651 #4 - PUNTO DE ACCESO ADICIONAL DE MATERIA--NOMBRE GEOGRÁFICO
Nombre geográfico Asia-
Subdivisión general Historia.
9 (RLIN) 7827
852 ## - LOCALIZACIÓN
Ubicación ES-MaACL
Número de control de estantería F-7087
Holdings
Estatus retirado Estado de pérdida Estado de daño No para préstamo Colección Biblioteca de origen Biblioteca actual Ubicación en estantería Fecha de adquisición Fuente de adquisición Total de préstamos Signatura topográfica completa Código de barras Visto por última vez Precio de reemplazo Tipo de ítem Koha
        Libros del s. XIX Biblioteca del Ateneo de Madrid Biblioteca del Ateneo de Madrid Depósito 2 17/01/2008     F-7087 1039906 23/02/2023 23/02/2023 Libro impreso antiguo